<?xml version="1.0" encoding="UTF-8"?>
<record
    xmlns:xsi="http://www.w3.org/2001/XMLSchema-instance"
    xsi:schemaLocation="http://www.loc.gov/MARC21/slim http://www.loc.gov/standards/marcxml/schema/MARC21slim.xsd"
    xmlns="http://www.loc.gov/MARC21/slim">

  <leader>01473nam a2200193 a 4500</leader>
  <controlfield tag="005">20250801113841.0</controlfield>
  <controlfield tag="008">241128e2025    ag ||||f |||| 001 0 spa d</controlfield>
  <datafield tag="020" ind1=" " ind2=" ">
    <subfield code="a">9789500214919</subfield>
  </datafield>
  <datafield tag="041" ind1=" " ind2=" ">
    <subfield code="a">spa</subfield>
  </datafield>
  <datafield tag="092" ind1=" " ind2=" ">
    <subfield code="c">616.8</subfield>
    <subfield code="l">27</subfield>
    <subfield code="s">FUS</subfield>
  </datafield>
  <datafield tag="100" ind1="1" ind2=" ">
    <subfield code="a">Fustinoni, Osvaldo</subfield>
    <subfield code="9">405</subfield>
    <subfield code="c">(h)</subfield>
  </datafield>
  <datafield tag="245" ind1=" " ind2=" ">
    <subfield code="a">Semiolog&#xED;a del sistema nervioso de Fustinoni /</subfield>
    <subfield code="c">Osvaldo Fustinoni (h)</subfield>
  </datafield>
  <datafield tag="250" ind1=" " ind2=" ">
    <subfield code="a">16a ed.</subfield>
  </datafield>
  <datafield tag="260" ind1=" " ind2=" ">
    <subfield code="a">Buenos Aires:</subfield>
    <subfield code="b">El Ateneo;</subfield>
    <subfield code="c">2025.</subfield>
  </datafield>
  <datafield tag="300" ind1=" " ind2=" ">
    <subfield code="a">672 p.</subfield>
    <subfield code="b">18x26 cm.</subfield>
  </datafield>
  <datafield tag="500" ind1=" " ind2=" ">
    <subfield code="a">Fustinoni, O. (2025). Semiolog&#xED;a del sistema nervioso de Fustinoni. (16a ed.). Buenos Aires : El Ateneo.</subfield>
  </datafield>
  <datafield tag="653" ind1=" " ind2=" ">
    <subfield code="a">Nociones de anatomia, fisiologia, histologia y patologia</subfield>
    <subfield code="a">Exploraci&#xF3;n</subfield>
    <subfield code="a">Funciones craneanas sensoriales,oculomotoras y de equilibrio: pares craneanos I, II, III, IV, VI y VIII</subfield>
    <subfield code="a">Funciones sensitivomotoras de cara, boca, fauces y cuello: pares craneanos V, VII, IX, X, XII y XII. S&#xED;ndromes de pares craneanos asociados</subfield>
    <subfield code="a">Motilidad</subfield>
    <subfield code="a">Tono muscular</subfield>
    <subfield code="a">Trofismo</subfield>
    <subfield code="a">Taxia</subfield>
    <subfield code="a">Reflejos, clonus y sincinesias</subfield>
    <subfield code="a">Manifestaciones motoras de hiperexcitabilidad central y perif&#xE9;rica</subfield>
    <subfield code="a">Movimientos anormales y s&#xED;ndromes extrapiramidales</subfield>
    <subfield code="a">Sensibilidad</subfield>
    <subfield code="a">Sue&#xF1;o, conciencia y coma</subfield>
    <subfield code="a">Palabra y funciones cerebrales superiores: lenguaje, praxia, gnosia, memoria</subfield>
    <subfield code="a">S&#xED;ndromes vasculares</subfield>
    <subfield code="a">S&#xED;ndromes cognitivos</subfield>
    <subfield code="a">S&#xED;ndromes semiol&#xF3;gicos de otras afecciones del sistema nervioso.</subfield>
    <subfield code="a">S&#xED;ndromes funcionales y su deteccion</subfield>
    <subfield code="a">Semiologia psiqui&#xE1;trica y comportamiento</subfield>
    <subfield code="a">Estudios complementarios</subfield>
  </datafield>
  <datafield tag="942" ind1=" " ind2=" ">
    <subfield code="2">ddc</subfield>
    <subfield code="c">BK</subfield>
  </datafield>
  <datafield tag="999" ind1=" " ind2=" ">
    <subfield code="c">3296</subfield>
    <subfield code="d">3296</subfield>
  </datafield>
  <datafield tag="952" ind1=" " ind2=" ">
    <subfield code="0">0</subfield>
    <subfield code="1">0</subfield>
    <subfield code="2">ddc</subfield>
    <subfield code="4">0</subfield>
    <subfield code="7">0</subfield>
    <subfield code="a">BFM</subfield>
    <subfield code="b">BFM</subfield>
    <subfield code="c">CR</subfield>
    <subfield code="d">2025-08-01</subfield>
    <subfield code="e">Donaci&#xF3;n Asociaci&#xF3;n Neuquina de Anestesia - ANAAR, Julio 2025.</subfield>
    <subfield code="g">70320.00</subfield>
    <subfield code="l">1</subfield>
    <subfield code="m">1</subfield>
    <subfield code="o">616.8 27 FUS</subfield>
    <subfield code="p">5086</subfield>
    <subfield code="r">2025-11-28</subfield>
    <subfield code="s">2025-10-30</subfield>
    <subfield code="t">Ej. 4</subfield>
    <subfield code="w">2025-08-01</subfield>
    <subfield code="y">BK</subfield>
    <subfield code="z">Donaci&#xF3;n Asociaci&#xF3;n Neuquina de Anestesia - ANAAR, Julio 2025. Sede Tordos.</subfield>
    <subfield code="f"></subfield>
  </datafield>
  <datafield tag="952" ind1=" " ind2=" ">
    <subfield code="0">0</subfield>
    <subfield code="1">0</subfield>
    <subfield code="2">ddc</subfield>
    <subfield code="4">0</subfield>
    <subfield code="7">0</subfield>
    <subfield code="a">BFM</subfield>
    <subfield code="b">BFM</subfield>
    <subfield code="c">CR</subfield>
    <subfield code="d">2025-08-01</subfield>
    <subfield code="e">Donaci&#xF3;n Asociaci&#xF3;n Neuquina de Anestesia - ANAAR, Julio 2025.</subfield>
    <subfield code="g">70320.00</subfield>
    <subfield code="l">1</subfield>
    <subfield code="m">1</subfield>
    <subfield code="o">616.8 27 FUS</subfield>
    <subfield code="p">5087</subfield>
    <subfield code="r">2025-11-10</subfield>
    <subfield code="s">2025-10-31</subfield>
    <subfield code="t">Ej. 5</subfield>
    <subfield code="w">2025-08-01</subfield>
    <subfield code="y">BK</subfield>
    <subfield code="z">Donaci&#xF3;n Asociaci&#xF3;n Neuquina de Anestesia - ANAAR, Julio 2025. Sede Tordos.</subfield>
    <subfield code="f"></subfield>
  </datafield>
  <datafield tag="952" ind1=" " ind2=" ">
    <subfield code="0">0</subfield>
    <subfield code="1">0</subfield>
    <subfield code="2">ddc</subfield>
    <subfield code="4">0</subfield>
    <subfield code="7">0</subfield>
    <subfield code="a">BFM</subfield>
    <subfield code="b">BFM</subfield>
    <subfield code="c">CR</subfield>
    <subfield code="d">2025-08-01</subfield>
    <subfield code="e">Donaci&#xF3;n Asociaci&#xF3;n Neuquina de Anestesia - ANAAR, Julio 2025.</subfield>
    <subfield code="g">70320.00</subfield>
    <subfield code="l">2</subfield>
    <subfield code="m">2</subfield>
    <subfield code="o">616.8 27 FUS</subfield>
    <subfield code="p">5088</subfield>
    <subfield code="q">2026-06-10</subfield>
    <subfield code="r">2026-05-20</subfield>
    <subfield code="s">2026-05-20</subfield>
    <subfield code="t">Ej. 6</subfield>
    <subfield code="w">2025-08-01</subfield>
    <subfield code="y">BK</subfield>
    <subfield code="z">Donaci&#xF3;n Asociaci&#xF3;n Neuquina de Anestesia - ANAAR, Julio 2025. Sede Tordos.</subfield>
    <subfield code="f"></subfield>
  </datafield>
</record>
